[Event "AUT-chT9596"]
[Site "Vorarlberg"]
[Date "1996.??.??"]
[Round "1"]
[White "Harrer, Erwin"]
[Black "Poettinger, Harald"]
[Result "0-1"]
[WhiteElo "1945"]
[BlackElo "2245"]

1.e4 d6 2.d4 Nf6 3.Nc3 c6 4.Nf3 Bg4 5.Be2 e6 6.O-O Be7 7.Be3 d5 8.exd5 cxd5
9.Ne5 Bxe2 10.Qxe2 O-O 11.a3 Nc6 12.Nxc6 bxc6 13.b4 a5 14.b5 a4 15.Rfb1 Qd7
16.Bf4 cxb5 17.Qxb5 Qxb5 18.Nxb5 Rfc8 19.c3 Ne4 20.Rc1 g5 21.Be3 h6 22.f3 Nf6
23.Rc2 Nd7 24.Rb1 Rc6 25.Rcb2 Bd8 26.c4 Rxc4 27.Rb4 Rc6 28.Bd2 Be7 29.R4b2 Nb6
30.Bb4 Bxb4 31.Rxb4 Nc4 32.Ra1 Rb6 33.Kf2 Rab8 34.Nc3 Rxb4 35.axb4 Rxb4 36.Rxa4 Rb2+
37.Ne2 Kg7 38.Ra8 h5 39.g3 Nd6 40.h3 Nf5 41.Ra4 Nxg3 42.Kxg3 Rxe2 43.h4 gxh4+
44.Kxh4 Kg6  0-1

[Event "AUT-chT9596"]
[Site "Vorarlberg"]
[Date "1996.??.??"]
[Round "6"]
[White "Peterlunger, Erich"]
[Black "Mira, Helene"]
[Result "0-1"]
[WhiteElo "1970"]
[BlackElo "2195"]

1.e4 d6 2.d4 Nf6 3.Nc3 c6 4.f4 Qa5 5.Bd3 e5 6.Nf3 Nbd7 7.O-O b5 8.d5 Bb7
9.dxc6 Bxc6 10.Qe1 b4 11.Nd1 Nc5 12.Nf2 Nxd3 13.Nxd3 Bxe4 14.fxe5 dxe5 15.Nfxe5 Qd5
16.Bg5 Bc5+ 17.Be3 Bxe3+ 18.Qxe3 O-O 19.Rxf6 Bxd3 20.Rc6 Be4 21.Rc5 Qb7 22.Rd1 Rad8
23.Rd4 Bxg2 24.Nd3 Rxd4 25.Qxd4 Bh3 26.Rg5 g6 27.Rg3 Bf5 28.Qxb4 Qc7 29.Qc5 Qxc5+
30.Nxc5 Bxc2 31.Ra3 Rc8 32.Ra5 Rc7 33.Kf2 Kg7 34.a3 Kh6 35.Na6 Re7 36.Nb4 Be4
37.Na2 f5 38.Nc3 Bd3 39.Rd5 Bc4 40.Rd4 Rc7 41.b4 Ba6 42.Nd5 Rc2+ 43.Kg3 g5
44.Ne7 f4+ 45.Kg4 Be2+ 46.Kf5 Kh5 47.Nd5 Bg4+ 48.Kf6 Rxh2 49.Kg7 Kh4 50.Kxh7 Ra2
51.Nxf4 gxf4 52.Rxf4 Rxa3 53.Kg6 Ra4 54.Kf6 a5  0-1

[Event "JUG-ch (Women) 1"]
[Site "Vrnjacka Banja"]
[Date "1996.??.??"]
[Round "?"]
[White "Ruchieva, Natalia"]
[Black "Stepovaia Dianchenko, Tatiana"]
[Result "0-1"]
[WhiteElo "2255"]
[BlackElo "2385"]

1.e4 d6 2.d4 Nf6 3.Nc3 e5 4.Nf3 Nbd7 5.Bc4 Be7 6.O-O O-O 7.h3 c6 8.a4 b6
9.dxe5 dxe5 10.Qe2 Qc7 11.Nh4 Nc5 12.Nf5 Bxf5 13.exf5 a6 14.Bg5 b5 15.Ba2 e4
16.b4 Qe5 17.Bd2 Ncd7 18.Rab1 h5 19.Rfe1 Bd6 20.g3 Rac8 21.Bf4 Qe7 22.Bxd6 Qxd6
23.Red1 Qe5 24.Qe3 Qxf5 25.Kg2 Ne5 26.axb5 axb5 27.Ne2 Qf3+ 28.Kg1 Qxe3 29.fxe3 Nf3+
30.Kf2 Rcd8 31.Nd4 Nxd4 32.Rxd4 Rxd4 33.exd4 Nd5 34.Bxd5 cxd5 35.Ke3 Rc8
36.Kd2 Ra8 37.Rf1 g6 38.Rf6 Ra3 39.Rd6 Rxg3 40.Rxd5 Rxh3 41.Rxb5 Rh2+ 42.Kc3 h4
43.Re5 Re2 44.b5 h3 45.b6 h2 46.b7 h1=Q 47.b8=Q+ Kg7 48.Qb2 Qf3+ 49.Kc4 Qf6
50.Rc5 Qa6+ 51.Kb4 Qb6+ 52.Rb5 Qd6+ 53.Rc5 Rd2 54.d5+ Qf6 55.Qb3 Qd4+ 56.Kb5 e3
57.c3 Rd3 58.Kb6 e2  0-1

[Event "JUG-chT"]
[Site "Vrnjacka Banja"]
[Date "1996.??.??"]
[Round "?"]
[White "Certic, Branimir"]
[Black "Kovacevic, Dragan"]
[Result "1/2-1/2"]
[WhiteElo "2440"]
[BlackElo "2360"]

1.e4 d6 2.d4 Nf6 3.Nc3 c6 4.f4 Qa5 5.e5 Ne4 6.Qf3 f5 7.exf6 Nxf6 8.Bd3 e5
9.fxe5 dxe5 10.Qe2 Bd6 11.Bd2 O-O 12.Ne4 Bb4 13.Nxf6+ Rxf6 14.Bxb4 Qxb4+
15.c3 Qe7 16.Nf3 Bg4 17.Qxe5 Qf8 18.Qe4 Bf5 19.Qe3 Bxd3 20.Qxd3 Qe7+ 21.Kf2 Nd7
22.Rhe1 Qd6 23.Kg1 h6 24.Re3 Raf8 25.Rae1 b5 26.Qe2 Nb6 27.Re6 Qd5 28.b3 Qf5
29.Rxf6 Rxf6 30.c4 a5 31.h3 a4 32.Qe8+ Kh7 33.Qd8 Nd7 34.cxb5 cxb5 35.Qc8 Rf8
36.Qc1 axb3 37.axb3 Kh8 38.Kh2 Qd5 39.Qe3 Nf6 40.Ne5 Rd8 41.Qg3 Kg8 42.Ng6 Qxd4
43.Ne7+ Kh8 44.Nc6 Nh5 45.Nxd4 Nxg3 46.Nxb5 Nf5 47.Re5 g6 48.Nc7 Rd2 49.Re4 g5
50.Ne6 Nh4 51.Rg4 Nf3+ 52.Kg3 Ne1 53.h4 Rxg2+ 54.Kh3 Re2 55.Nd4 Re3+ 56.Rg3 Rxg3+
57.Kxg3  1/2-1/2

[Event "JUG-chT"]
[Site "Vrnjacka Banja"]
[Date "1996.??.??"]
[Round "?"]
[White "Nikolic, Stanimir"]
[Black "Kovacevic, Dragan"]
[Result "1-0"]
[WhiteElo "2345"]
[BlackElo "2360"]

1.e4 d6 2.d4 Nf6 3.Nc3 c6 4.a4 Nbd7 5.Nf3 e5 6.h3 Be7 7.Be3 O-O 8.Bd3 Qc7
9.Qe2 b6 10.O-O a6 11.Nh4 exd4 12.Bxd4 Ne5 13.Nf3 Bb7 14.Qe3 Nfd7 15.Qf4 b5
16.Be3 b4 17.Nb1 Bf6 18.Bc1 Rfe8 19.Nxe5 Nxe5 20.Re1 d5 21.Nd2 Qc8 22.Bf1 Ng6
23.Qf3 c5 24.Re2 Qd7 25.a5 Rac8 26.exd5 Rxe2 27.Bxe2 Bxd5 28.Ne4 Be7 29.Qe3 Qc6
30.Bf3 f5 31.Nd2 Bxf3 32.Nxf3 Bf6 33.c3 Re8 34.Qd3 bxc3 35.bxc3 c4 36.Qxf5 Bxc3
37.Rb1 Rf8 38.Qh5 Qe4 39.Rb6 Qc2  1-0

[Event "JUG-ch (Women) 2"]
[Site "Vrnjacka Banja"]
[Date "1996.??.??"]
[Round "?"]
[White "Zivkovic, Vesna"]
[Black "Trosic, Galina"]
[Result "0-1"]
[WhiteElo "2165"]
[BlackElo "2070"]

1.e4 d6 2.d4 Nf6 3.Nc3 Nbd7 4.g3 e5 5.Nge2 Be7 6.Bg2 c6 7.h3 O-O 8.a4 Re8
9.O-O Bf8 10.Be3 Qc7 11.f4 a5 12.g4 Nb6 13.b3 exd4 14.Bxd4 d5 15.e5 Nfd7
16.Ng3 Nc5 17.Qd2 Ne6 18.Bf2 Bb4 19.Nf5 Nxf4 20.Qxf4 Bxf5 21.Na2 Bxc2 22.Nxb4 axb4
23.Qxb4 Nd7 24.Rac1 Be4 25.Bxe4 dxe4 26.Qxe4 Nxe5 27.Rce1 Qd7 28.Rd1 Qe6
29.Qc2 h5 30.Rfe1 Nf3+ 31.Kg2 Nxe1+ 32.Rxe1 Qd5+ 33.Kg1 hxg4 34.hxg4 Rxe1+
35.Bxe1 Qf3  0-1

[Event "JUG-chT"]
[Site "Vrnjacka Banja"]
[Date "1996.??.??"]
[Round "?"]
[White "Zivkovic, Milan"]
[Black "Kovacevic, Dragan"]
[Result "0-1"]
[WhiteElo "2285"]
[BlackElo "2360"]

1.e4 d6 2.d4 Nf6 3.Nc3 c6 4.Be3 Ng4 5.Bg5 Qa5 6.Nf3 Nd7 7.h3 Ngf6 8.Bd3 e5
9.dxe5 dxe5 10.O-O Be7 11.a3 Qc7 12.Qe2 O-O 13.a4 Nc5 14.Bc4 Ne6 15.Be3 Bb4
16.Bd2 Bc5 17.Bxe6 Bxe6 18.Be3 Bd6 19.Rfd1 h6 20.Nh4 Rfd8 21.Qf3 Qe7 22.Rd3 Bc5
23.Bxc5 Qxc5 24.Rad1 Rxd3 25.Rxd3 Qb6 26.b3 Rd8 27.Ne2 Rxd3 28.Qxd3 Qb4 29.Nc3 Nh5
30.Kh2 Qd4 31.Qe3 Nf6 32.Nf3 Qxe3 33.fxe3 Nd7 34.a5 Kf8 35.Kg3 Ke7 36.Na4 Kd6
37.Nd2 b5 38.axb6 axb6 39.Kf3 f6 40.Ke2 b5 41.Nb2 Nc5 42.Nd3 Na6 43.c3 c5
44.Nb2 Kc6 45.Nd1 Nc7 46.Nb2 Kb6 47.Kf3 Ne8 48.Ke2 Nd6 49.Nd1 Bc8 50.Nf2 Ka5
51.Kd3 h5 52.g3 Be6 53.Kc2 Kb6 54.Nf1 f5 55.exf5 Bxf5+ 56.Kd1 Bg6 57.Nd2 Nf5
58.Nf1 Nd6 59.Nd2 e4 60.Kc1 Kc6 61.Kd1 Kd5 62.Nf1 Ke5 63.Kd2 Be8 64.Kd1 Bd7
65.Kc2 Nf7 66.Nd2 Ng5 67.h4 Nf7 68.Kd1 Bf5 69.Nf1 Kd5 70.Ke2  0-1

[Event "NBG Open Weilburg"]
[Site "Weilburg"]
[Date "1996.??.??"]
[Round "7"]
[White "Muench, Ingo"]
[Black "Solonar, Stephan"]
[Result "1/2-1/2"]
[WhiteElo "2185"]
[BlackElo "2310"]

1.e4 d6 2.d4 Nf6 3.Nc3 c6 4.h3 Nbd7 5.Nf3 e5 6.Bd3 Be7 7.O-O b5 8.Ne2 O-O
9.c3 Bb7 10.Ng3 Re8 11.a4 a6 12.Re1 Bf8 13.Nf5 d5 14.dxe5 dxe4 15.exf6 Nxf6
16.Be2 exf3 17.Bxf3 Rxe1+ 18.Qxe1 Qd7 19.Ne3 Rd8 20.axb5 axb5 21.b4 Qc8 22.Ba3 Qe6
23.Qb1 Bd6 24.Bb2 Qe5 25.Nf1 Qf4 26.Qc1 Qf5 27.Ra7 Bf4 28.Ne3 Qc8 29.c4 Bb8
30.Bxf6 gxf6 31.Ra2  1/2-1/2

[Event "Werfen op-B"]
[Site "Werfen"]
[Date "1996.??.??"]
[Round "3"]
[White "Loidl, Florian"]
[Black "Bieringer, Konrad"]
[Result "1-0"]
[WhiteElo "1805"]
[BlackElo "1710"]

1.e4 d6 2.d4 Nf6 3.Nc3 c6 4.f4 Qa5 5.Bd3 e5 6.dxe5 dxe5 7.Nf3 Bg4 8.fxe5 Nfd7
9.Bf4 Bb4 10.O-O Bxc3 11.bxc3 Qxc3 12.Rb1 b6 13.Rb3 Qc5+ 14.Kh1 O-O 15.h3 Be6
16.Ng5 Bxb3 17.axb3 b5 18.e6 f6 19.Nf7 Rxf7 20.exf7+ Kxf7 21.e5 Nxe5 22.Qh5+ Ke7
23.Qxh7 Nbd7 24.Qxg7+ Nf7 25.Bg6 Rf8 26.Re1+ Ne5 27.Bxe5 fxe5 28.Rf1 Qd5
29.Qf6+ Ke8 30.Rf5  1-0

[Event "Sonnevanck"]
[Site "Wijk aan Zee"]
[Date "1996.??.??"]
[Round "3"]
[White "Willemze, Jeroen"]
[Black "Reinderman, Dimitri"]
[Result "1/2-1/2"]
[WhiteElo "2160"]
[BlackElo "2500"]

1.e4 d6 2.d4 Nf6 3.Nc3 e5 4.dxe5 dxe5 5.Qxd8+ Kxd8 6.Bc4 Be6 7.Bxe6 fxe6
8.Be3 Bd6 9.f3 a6 10.Nge2 Ke7 11.O-O Nbd7 12.b3 h6 13.Na4 g5 14.c4 b5 15.Nb2 Bc5
16.Bxc5+ Nxc5 17.cxb5 axb5 18.Rfc1 Nfd7 19.b4 Na6 20.Nd3 Kd6 21.a4 bxa4 22.Rxa4 c6
23.Rd1 Ke7 24.Ra5 Rhd8 25.Rc1 Kd6 26.b5 Nac5 27.Nxc5 Nxc5 28.Rxa8  1/2-1/2

[Event "Oberliga Wuert9697"]
[Site "Wuerttemberg"]
[Date "1996.??.??"]
[Round "?"]
[White "Schmid, Wolfgang"]
[Black "Lorscheid, Gerhard"]
[Result "1/2-1/2"]
[WhiteElo "2235"]
[BlackElo "2315"]

1.e4 d6 2.d4 Nf6 3.Nc3 e5 4.dxe5 dxe5 5.Qxd8+ Kxd8 6.Bg5 Be6 7.Bb5 Nd7 8.Bxd7 Kxd7
9.O-O-O+ Kc8 10.f3 Nd7 11.Be3 a6 12.Nge2 b5 13.b3 Kb7 14.Kb2 Bd6 15.Nc1 Nc5
16.Nd3 Nxd3+ 17.Rxd3 g6 18.a4 Kc6  1/2-1/2

[Event "Yalta op"]
[Site "Yalta"]
[Date "1996.??.??"]
[Round "2"]
[White "Braslavsky, Aleksandr"]
[Black "Feigin, Mihail"]
[Result "0-1"]
[WhiteElo "2150"]
[BlackElo "2530"]

1.e4 d6 2.d4 Nf6 3.Nc3 c6 4.Nf3 Bg4 5.Be2 Nbd7 6.O-O e5 7.Be3 Be7 8.Nd2 Be6
9.Bf3 O-O 10.d5 cxd5 11.exd5 Bf5 12.Nde4 Nxe4 13.Bxe4 Bxe4 14.Nxe4 f5 15.Nc3 f4
16.Bd2 f3 17.Ne4 Qe8 18.gxf3 Qh5 19.Be3 Rxf3 20.Ng3 Qf7 21.Kh1 Rf8 22.c4 Qg6
23.Rc1 e4 24.Qc2 Ne5 25.Nxe4 Ng4 26.Rg1 Rh3 27.Rg2 Qh5  0-1

[Event "Yalta op"]
[Site "Yalta"]
[Date "1996.??.??"]
[Round "3"]
[White "Barskij, Vladimir"]
[Black "Koziak, Vitali"]
[Result "1-0"]
[WhiteElo "2350"]
[BlackElo "2450"]

1.e4 d6 2.d4 Nf6 3.Nc3 Nbd7 4.Nf3 e5 5.Bc4 Be7 6.O-O O-O 7.Re1 c6 8.a4 a5
9.b3 Qc7 10.Bb2 Nb6 11.Bf1 Bg4 12.dxe5 dxe5 13.h3 Bh5 14.g4 Bg6 15.Nh4 Rfd8
16.Qf3 Bc5 17.Bd3 Nbd7 18.Ne2 Nf8 19.Nf5 Ne6 20.Qg3 Ng5 21.Qg2 h6 22.h4 Ne6
23.Qg3 h5 24.gxh5 Bxh5 25.Bxe5 Bxf2+ 26.Kxf2 Qxe5 27.Nh6+  1-0

[Event "Yalta op"]
[Site "Yalta"]
[Date "1996.??.??"]
[Round "4"]
[White "Kozel, Roman"]
[Black "Hvorostinin, Gennadi"]
[Result "1-0"]
[WhiteElo "2365"]
[BlackElo "2180"]

1.e4 d6 2.d4 Nf6 3.Nc3 c6 4.g3 Nbd7 5.Bg2 e5 6.Nge2 Be7 7.a4 a5 8.O-O O-O
9.h3 Re8 10.Be3 Bf8 11.g4 exd4 12.Bxd4 Nc5 13.Ng3 Nfd7 14.b3 Qc7 15.Qd2 b6
16.Rfe1 Bb7 17.Nf5 Rad8 18.Rad1 Ne5 19.f4 Ng6 20.Qf2 d5 21.e5 Ba6 22.Kh1 Nd7
23.h4 Bc5 24.h5 Ngf8 25.Bxc5 Nxc5 26.h6 Nce6 27.Nd6 Re7 28.f5 Nc5 29.hxg7 Nfd7
30.f6 Rxe5 31.Rxe5 Qxd6 32.Rexd5 Qe6 33.Rf5 Re8 34.Qd4 Bb7 35.Rf4 Ne5 36.Re1 Ncd7
37.Rf5 c5 38.Qg1 Bxg2+ 39.Qxg2 c4 40.Qd5 cxb3 41.cxb3 Rc8 42.Qxe6  1-0

[Event "Yerevan op"]
[Site "Yerevan"]
[Date "1996.??.??"]
[Round "1"]
[White "Hlgatian, Goar"]
[Black "Malaniuk, Vladimir P"]
[Result "0-1"]
[WhiteElo "2165"]
[BlackElo "2585"]

1.e4 d6 2.d4 Nf6 3.Nc3 c6 4.Nf3 Bg4 5.Be2 e6 6.e5 Nd5 7.Nxd5 cxd5 8.exd6 Bxd6
9.O-O Nc6 10.c3 Qc7 11.h3 Bxf3 12.Bxf3 O-O 13.Be2 Rab8 14.Bd3 b5 15.Qh5 g6
16.Qh4 Rfc8 17.Bh6 Qd8 18.Qg4 b4 19.h4 Bf8 20.Bd2 Na5 21.h5 Nc4 22.hxg6 hxg6
23.Bf4 Rb6 24.b3 Nd6 25.cxb4 Rxb4 26.Bd2 Rbb8 27.g3 Bg7 28.Kg2 Qf6 29.Be3 Rc3
30.Rad1 Rbc8 31.Bb1 Nf5 32.Bd2 Nxd4 33.Bxc3 Rxc3 34.Rc1 Nb5 35.Rxc3 Nxc3
36.Qb4 Qd8 37.Qc5 Qd7 38.Rc1 d4 39.Bd3 Bf6 40.a4 Qb7+ 41.f3 Qxb3 42.Qxa7 Kg7
43.Qa6 Qa3 44.Rh1 Qb2+ 45.Kh3 Qf2 46.Rf1 Qd2 47.f4 Nd1 48.Be2 Nb2 49.Rf3 Nxa4
50.Qxa4 Qxe2 51.Qb3 Qe1 52.Kg2 g5 53.fxg5 Qd2+ 54.Rf2 Qxg5 55.Qd3 Qd5+ 56.Qf3 Qd8
57.Qg4+ Bg5 58.Qf3 Qd7 59.Rb2 e5 60.Rb7 Qe6 61.Qe4 Bf6 62.Kf3 Qc8 63.Rb3 Qc1
64.Kg2 Qd2+ 65.Kh3 Kh6 66.Rb6 Qg5 67.Rd6 Qh5+ 68.Kg2 Kg7 69.Kf2 Qh2+ 70.Qg2 Qxg2+
71.Kxg2 e4 72.Kf2 Be5 73.Rd8 Kg6 74.Re8 f6 75.Ke2 Kf5 76.Rg8 Bc7 77.Rg7  0-1

[Event "Yerevan ol (Women)"]
[Site "Yerevan"]
[Date "1996.??.??"]
[Round "1"]
[White "Martin del Campo, Astrid"]
[Black "Ferreira, Aida"]
[Result "1/2-1/2"]
[WhiteElo "2185"]
[BlackElo "2290"]

1.e4 d6 2.d4 c6 3.Nc3 Nf6 4.Bd3 Nbd7 5.Nf3 e5 6.dxe5 dxe5 7.Qe2 Be7 8.Nd1 Qc7
9.c3 O-O 10.O-O Nc5 11.Bc2 a5 12.b4 axb4 13.cxb4 Na6 14.Bb2 Bg4 15.a3 Nd7
16.Ne3 Be6 17.Rad1 Rfd8 18.Nc4 f6 19.Nh4 b5 20.Ne3 Nb6 21.Rxd8+ Rxd8 22.Rd1 Nb8
23.Nhf5 Bf8 24.Rxd8 Qxd8 25.Qd1 Qxd1+ 26.Bxd1 g6 27.Ng3 N8d7 28.Be2 Na4 29.Ba1 Kf7
30.Kf1 Bb3 31.Ke1 Bd6 32.Ngf1 Be6 33.Bd1 Nab6 34.Nd2 Nf8 35.Bb3 Ke7 36.Kd1 Kd7
37.Nc2 Be7 38.Bxe6+ Nxe6 39.Nb3 Na4 40.Kd2 Kc7 41.Ne1 Nb6  1/2-1/2

[Event "Yerevan ol (Women)"]
[Site "Yerevan"]
[Date "1996.??.??"]
[Round "2"]
[White "Ankerst, Milka"]
[Black "Klinova, Masha"]
[Result "1/2-1/2"]
[WhiteElo "2195"]
[BlackElo "2380"]

1.e4 d6 2.d4 Nf6 3.Nc3 c6 4.Bd3 e5 5.Nge2 Be7 6.O-O O-O 7.dxe5 dxe5 8.Ng3 b5
9.Qe2 Be6 10.a4 b4 11.Nd1 Re8 12.Nh5 Nbd7 13.Ne3 Qc7 14.Nxf6+ Nxf6 15.Nc4 Bc5
16.Bg5 Nd7 17.Kh1 h6 18.Be3 Rad8 19.f3 a5 20.Rfd1 Qa7 21.Bd2 Qc7 22.Be3  1/2-1/2

[Event "Yerevan ol (Men)"]
[Site "Yerevan"]
[Date "1996.??.??"]
[Round "3"]
[White "Al Ghasra, Ali"]
[Black "Hawes, Jonathan"]
[Result "1-0"]
[WhiteElo "2160"]
[BlackElo "2095"]

1.d4 d6 2.e4 Nf6 3.Nc3 c6 4.a4 Qc7 5.Bg5 Nbd7 6.Nf3 g6 7.Qd2 Bg7 8.Be2 O-O
9.h4 e5 10.h5 exd4 11.Nxd4 Ne5 12.Qf4 d5 13.Qh4 Nxe4 14.Nxe4 dxe4 15.hxg6 fxg6
16.Qxh7+ Kf7 17.Bh6 Rg8 18.Rh4  1-0

[Event "Yerevan ol (Men)"]
[Site "Yerevan"]
[Date "1996.??.??"]
[Round "3"]
[White "Tan Wei Sin"]
[Black "Levitt, Mark"]
[Result "1/2-1/2"]
[WhiteElo "2025"]
[BlackElo "2290"]

1.e4 d6 2.d4 Nf6 3.Nc3 c6 4.f3 Qa5 5.Be3 e5 6.Qd2 Nbd7 7.Rd1 Be7 8.Nh3 O-O
9.Nf2 exd4 10.Bxd4 d5 11.exd5 Nxd5 12.Nxd5 Qxd5 13.c4 Qh5 14.Be2 a5 15.O-O Nc5
16.f4 Qg6 17.Qe3 Ne6 18.Bc3 Bc5 19.Qf3 Qh6 20.g3 Bb4 21.a3 Bxc3 22.Qxc3 c5
23.Ng4 Qh3 24.Ne5 Nd4 25.Rfe1 f6 26.Nf3 Nxe2+ 27.Rxe2 Be6 28.Rde1 Bd7 29.Nd2 Bc6
30.Nf1 a4 31.Ne3 Qh5 32.Nd5 Bxd5 33.cxd5 Qxd5 34.Rd2 Qf7 35.Qxc5 Rfe8 36.Red1 Rac8
37.Qxc8 Rxc8 38.Rd8+ Qf8 39.Rxf8+ Kxf8 40.Rd2 Rc6 41.Kf2 Rb6 42.Ke3 Ke7 43.g4 Rb5
44.Ke4 h5 45.gxh5 Rxh5 46.Rg2 Kf7 47.Rc2 Rb5 48.f5 Kg8 49.Kf4 Kh7 50.Rd2 Rb3
51.Rc2 b5 52.Rd2 b4 53.axb4 Rxb4+ 54.Kf3 Kh6 55.Rg2  1/2-1/2

[Event "Yerevan ol (Women)"]
[Site "Yerevan"]
[Date "1996.??.??"]
[Round "3"]
[White "Sziva, Erika"]
[Black "Klinova, Masha"]
[Result "1/2-1/2"]
[WhiteElo "2250"]
[BlackElo "2380"]

1.e4 d6 2.d4 Nf6 3.Nc3 c6 4.f4 g6 5.Nf3 Bg7 6.Be2 Qb6 7.O-O O-O 8.Kh1 Na6
9.a4 Bg4 10.a5 Qd8 11.Ng5 Bxe2 12.Qxe2 h6 13.Nf3 e6  1/2-1/2

[Event "Yerevan ol (Men)"]
[Site "Yerevan"]
[Date "1996.??.??"]
[Round "3"]
[White "Miladinovic, Igor"]
[Black "Galego, Luis"]
[Result "0-1"]
[WhiteElo "2535"]
[BlackElo "2435"]

1.d4 d6 2.e4 Nf6 3.Nc3 c6 4.a4 Qa5 5.Bd3 e5 6.Ne2 Na6 7.O-O Nb4 8.Bd2 Nxd3
9.cxd3 Qd8 10.a5 Be7 11.f4 exd4 12.Nxd4 d5 13.e5 Ng4 14.h3 Nh6 15.g4 Bc5
16.Ra4 f5 17.g5 Nf7 18.Kg2 Bxd4 19.Rxd4 O-O 20.Ra4 d4 21.Ne2 c5 22.b4 Qd5+
23.Kf2 Bd7 24.bxc5 Bxa4 25.Qxa4 Rfd8 26.Rc1 Rac8 27.a6 b6 28.cxb6 Rxc1 29.Bxc1 axb6
30.Bb2 Ra8 31.Bxd4 b5 32.Qa3 Nd8 33.a7 Nc6 34.Be3 b4 35.Qa4 Kh8 36.Nc1 Nd4
37.Ke1 Qh1+ 38.Kd2 Qg2+ 39.Kd1 Qf1+ 40.Kd2 Qg2+ 41.Kd1 Qf1+ 42.Kd2 Rc8  0-1

[Event "Yerevan ol (Men)"]
[Site "Yerevan"]
[Date "1996.??.??"]
[Round "5"]
[White "Dukaczewski, Piotr"]
[Black "Faraj, Yahya"]
[Result "1-0"]
[WhiteElo "2190"]
[BlackElo "2280"]

1.e4 d6 2.Nc3 Nf6 3.d4 c6 4.Be3 b5 5.f3 Qc7 6.Qd2 a6 7.g4 h5 8.g5 Nfd7 9.f4 e5
10.Nf3 Bb7 11.Bg2 b4 12.Ne2 c5 13.d5 exf4 14.Nxf4 g6 15.c4 Bg7 16.O-O O-O
17.Rf2 Nb6 18.Qe2 N8d7 19.Raf1 a5 20.b3 a4 21.e5 dxe5 22.Nxh5 Nc8 23.Nh4 Nd6
24.Nf6+ Nxf6 25.gxf6 Bh8 26.Qg4 Bc8 27.Qg3 Kh7 28.Qg5 Ra6 29.Qh6+ Kg8 30.Nxg6 fxg6
31.Qxg6+ Bg7  1-0

[Event "Yerevan ol (Women)"]
[Site "Yerevan"]
[Date "1996.??.??"]
[Round "6"]
[White "Hagesaether, Nina"]
[Black "Hernandez, Yadira"]
[Result "1/2-1/2"]
[WhiteElo "2090"]
[BlackElo "2240"]

1.e4 d6 2.d4 Nf6 3.Nc3 c6 4.f3 Nbd7 5.Be3 e5 6.Nge2 Be7 7.Qd2 b5 8.d5 Bb7
9.dxc6 Bxc6 10.Ng3 b4 11.Nd1 d5 12.Nf5 Bf8 13.exd5 Nxd5 14.Bf2 Qf6 15.Nde3 Nxe3
16.Nxe3 Bc5 17.Ng4 Bxf2+ 18.Nxf2 O-O 19.Bd3 Nc5 20.O-O e4 21.Bxe4 Bxe4 22.Nxe4 Nxe4
23.fxe4 Qxb2 24.Rfb1 Qc3 25.Qxc3 bxc3 26.Rb3 Rac8 27.Re1 Rc7 28.Re3 Rfc8
29.Ra3 Kf8 30.Kf2 Ke7 31.Rd3 f6 32.Ke3 Kf7 33.Rd4 Kg6 34.Kd3 Kg5 35.Ra5+ Kg6
36.Raa4 Kg5 37.Ra5+ Kg6 38.g3 Rb8 39.Rc4 Rbc8 40.Rxc7 Rxc7 41.Ra3 f5 42.exf5+ Kxf5
43.Rxc3 Rd7+ 44.Ke3 g5 45.h3 Rd5 46.Rc4 h5 47.g4+ hxg4 48.hxg4+ Ke5 49.a4 a6
50.Re4+ Kf6 51.Rb4 Ke5 52.Re4+ Kf6 53.Rd4 Rc5 54.Kd3 Ke5 55.c3 Ke6 56.Rb4 Ke5
57.Kc2 Rd5 58.Rb6 Kf4 59.Rxa6 Kxg4 60.Rg6 Kf5 61.Rg8 g4 62.Kb3 Kf4 63.Kb4 Rg5
64.Rf8+ Ke3 65.Rf1 g3 66.a5 g2 67.Rg1 Kf2 68.Rxg2+ Rxg2 69.Kb5 Ke3 70.Kb6 Kd3
71.a6 Rb2+ 72.Kc7  1/2-1/2

[Event "Yerevan ol (Men)"]
[Site "Yerevan"]
[Date "1996.??.??"]
[Round "8"]
[White "Situru, Nathanael"]
[Black "Mokry, Karel"]
[Result "1-0"]
[WhiteElo "2385"]
[BlackElo "2505"]

1.e4 d6 2.d4 Nf6 3.Nc3 e5 4.Nf3 Nbd7 5.Bc4 Be7 6.O-O O-O 7.h3 c6 8.a4 b6
9.Qe2 Bb7 10.dxe5 dxe5 11.Rd1 Qc7 12.Nh4 Nc5 13.Nf5 Rad8 14.Bg5 Bc8 15.Qf3 Kh8
16.Rxd8 Bxd8 17.Rd1 Ne6 18.Be3 Ne8 19.Ne2 Bf6 20.c3 g6 21.Nd6 Bg7 22.Nxc8 Qxc8
23.Ng3 h5 24.b4 Kh7 25.a5 bxa5 26.bxa5 Qc7 27.a6 Nd6 28.Bxe6 fxe6 29.Qe2 c5
30.f3 Rd8 31.Nf1 Bh6 32.Bxh6 Kxh6 33.Ne3 Nf7 34.Rxd8 Nxd8 35.Qb5 Qd6 36.Qe8 Kg7
37.Nc4 Qd1+ 38.Kh2 Nf7 39.Qe7 Qc1 40.h4 Qf4+ 41.Kg1 Qc1+ 42.Kh2 Qf4+ 43.Kh3 Qf6
44.Qxa7 Kh6 45.Qxc5 g5 46.Qe3  1-0

[Event "Yerevan ol (Men)"]
[Site "Yerevan"]
[Date "1996.??.??"]
[Round "9"]
[White "Yudasin, Leonid"]
[Black "Murshed, Niaz"]
[Result "1-0"]
[WhiteElo "2595"]
[BlackElo "2510"]

1.e4 d6 2.d4 Nf6 3.Nc3 e5 4.dxe5 dxe5 5.Qxd8+ Kxd8 6.Bc4 Be6 7.Bxe6 fxe6
8.f3 a6 9.Be3 Bd6 10.Nh3 Nbd7 11.Ke2 Ke7 12.Nf2 Bc5 13.Ncd1 Rhd8 14.Bxc5+ Nxc5
15.Ne3 Nfd7 16.Nc4 h5 17.Na5 Nb8 18.b4 b6 19.Nc4 Ncd7 20.a4 Nc6 21.c3 b5
22.Nd2 Nb6 23.a5 Nc4 24.Nb3 Rd6 25.Nd3 Nb8 26.h4 Nd7 27.Rhg1 g6 28.Rad1 Nf6
29.Nbc5 Rg8 30.Rge1 Nd7 31.Nxd7 Rxd7 32.Rg1 Kf6 33.Nc5 Rd6 34.Nb7 Rc6 35.Rd7 Rg7
36.Rxg7 Kxg7 37.g4 hxg4 38.fxg4 Nb2 39.Nc5 Nc4 40.Rd1 Nxa5 41.Ra1 Nc4 42.Rxa6 Nb6
43.Ra5 Rd6 44.Rxb5  1-0

[Event "Yerevan ol (Women)"]
[Site "Yerevan"]
[Date "1996.??.??"]
[Round "9"]
[White "Ptacnikova, Lenka"]
[Black "Sheremetieva, Marina"]
[Result "0-1"]
[WhiteElo "2210"]
[BlackElo "2270"]

1.e4 d6 2.d4 Nf6 3.Nc3 e5 4.dxe5 dxe5 5.Qxd8+ Kxd8 6.Bc4 Be6 7.Bxe6 fxe6
8.f3 a6 9.Nh3 Bd6 10.Nf2 Nc6 11.Be3 Ke7 12.O-O-O h6 13.h4 Nh5 14.Ne2 Nf4
15.Nxf4 exf4 16.Bd2 a5 17.e5 Bxe5 18.Nd3 Rhf8 19.Nxe5 Nxe5 20.Bc3 Rf5 21.Rde1 Nc4
22.Bxg7 h5 23.Re4 Nd6 24.Re2 Ra6 25.Rhe1 Nc4 26.Bd4 a4 27.b3 axb3 28.axb3 c5
29.Bc3 Ne3 30.Kb2 b5 31.Bd2 Nd5 32.Re4 b4 33.Re5 Kf6 34.Rxf5+ Kxf5 35.Rg1 e5
36.g4+ fxg3 37.Rxg3 Rg6 38.Bg5 Nc3 39.Rg1 Ne2 40.Rf1 Nd4 41.f4 e4 42.Re1 Re6
43.Re3 Kg4 44.c3 Nf5 45.Re1 e3 46.cxb4 cxb4 47.Kc2 Kf3  0-1

[Event "Yerevan ol (Women)"]
[Site "Yerevan"]
[Date "1996.??.??"]
[Round "10"]
[White "Lumongdong, Lisa Karlina"]
[Black "Sheremetieva, Marina"]
[Result "1/2-1/2"]
[WhiteElo "2125"]
[BlackElo "2270"]

1.e4 d6 2.d4 Nf6 3.Nc3 e5 4.Nge2 c6 5.g3 Nbd7 6.Bg2 b5 7.d5 Bb7 8.a3 Be7
9.O-O O-O 10.h3 cxd5 11.exd5 a6 12.g4 Ne8 13.Ng3 g6 14.Bh6 Ng7 15.Qd2 Nb6
16.b3 Rc8 17.f4 Qc7 18.Nge2 f6 19.Rf2 Nd7 20.f5 g5 21.Rf3 Rf7 22.Ng3 a5 23.Rc1 Qc5+
24.Kh2 b4 25.axb4 axb4 26.Nce4 Qd4 27.Qxd4 exd4 28.Bxg7 Rxg7 29.Rd3 Bxd5
30.Rxd4 Bxb3 31.Rxb4 Rxc2 32.Rxc2 Bxc2 33.Rd4 Kf8 34.Nxd6 Bxd6 35.Rxd6 Ke7
36.Re6+ Kd8 37.Nh5 Rf7 38.Bd5 Rf8 39.Kg3 Ba4 40.Ra6 Bb5 41.Ra5 Bf1 42.Be6 Ke7
43.Bxd7 Kxd7 44.Ra7+ Kd6 45.Rxh7 Bc4 46.Rb7 Bd5 47.Rb6+ Ke5 48.Kf2 Rf7 49.Ke3 Rf8
50.Ra6 Rf7 51.Kf2 Rf8 52.Ra7 Rf7 53.Ra3 Rf8 54.Re3+ Kd4 55.Re7 Bc4 56.Kg3 Bd5
57.h4 gxh4+ 58.Kxh4 Kc5 59.Kg3 Kd6 60.Re3 Rf7 61.Kf4 Bc4 62.Re8 Bb3 63.Rb8 Bc4
64.Rb6+ Ke7 65.Ke3 Rf8 66.Kd4 Ba2 67.Ra6 Bb3 68.Kc5 Rc8+ 69.Kb4 Rb8+ 70.Ka5 Rf8
71.Kb4 Rb8+ 72.Ka3 Bf7 73.Ra7+ Kf8 74.Nxf6 Rb3+ 75.Ka4 Rb1 76.Ka5 Ra1+ 77.Kb6 Rxa7
78.Kxa7 Ke7 79.g5 Bb3 80.Ne4 Bc2 81.Ng3 Kf7 82.f6 Kg6 83.Kb6 Bb3 84.Ne4 Bd5
85.Nc3 Bb3  1/2-1/2

[Event "Yerevan op"]
[Site "Yerevan"]
[Date "1996.??.??"]
[Round "10"]
[White "Kashashvili, Alexandre"]
[Black "Nadanian, Ashot"]
[Result "1-0"]
[WhiteElo "2255"]
[BlackElo "2345"]

1.e4 d6 2.d4 Nf6 3.Nc3 c6 4.g3 Nbd7 5.Bg2 e5 6.Nge2 Be7 7.a4 O-O 8.O-O Re8
9.h3 Bf8 10.Be3 b6 11.Qd2 Bb7 12.d5 cxd5 13.exd5 e4 14.g4 Ne5 15.Ng3 Nf3+
16.Bxf3 exf3 17.Qd1 Re5 18.Bd4 Nxd5 19.Bxe5 dxe5 20.Qxf3 Qd6 21.Rad1 Nxc3
22.Qxb7 Nxd1 23.Qxa8 Nxb2 24.Nf5 Qd7 25.a5 g6 26.axb6 axb6 27.Ne3 Qd4 28.Rb1 Kg7
29.Qf3 e4 30.Qf4 h6 31.g5 hxg5 32.Qxg5 Kg8 33.Qb5 Bg7 34.Qe8+ Bf8 35.Ra1 b5
36.Ra8 Qc5 37.Rc8 Qd6 38.Rd8 Qc5 39.Rd7 Qg5+ 40.Ng4 Qc1+ 41.Kg2 Qf4 42.Rxf7  1-0

[Event "Yerevan ol (Men)"]
[Site "Yerevan"]
[Date "1996.??.??"]
[Round "12"]
[White "Mohr, Georg"]
[Black "Lima, Darcy"]
[Result "1-0"]
[WhiteElo "2510"]
[BlackElo "2430"]

1.e4 d6 2.d4 Nf6 3.Nc3 e5 4.Nf3 Nbd7 5.Bc4 Be7 6.O-O O-O 7.a4 c6 8.a5 Rb8
9.Re1 b5 10.axb6 axb6 11.Bg5 b5 12.Bb3 Bb7 13.Bxf6 Bxf6 14.d5 b4 15.dxc6 bxc3
16.cxb7 cxb2 17.Rb1 Rxb7 18.Qxd6 Qa5 19.Rxb2 Nc5 20.Ra2 Qb4 21.Bd5 Rd8 22.Qc6 Be7
23.Rf1 Qc3 24.h3 h6 25.Re1 Bd6 26.Re3 Qb4 27.Rb3 Nxb3 28.Qxb7 Qxb7 29.Bxb7 Nd4
30.Nd2 Bc5 31.Kf1 Nb5 32.c4 Nc3 33.Ra8 Rxa8 34.Bxa8 Kf8 35.Nb3 Ba7 36.Bc6 Ke7
37.c5 Kd8 38.f3 Kc7 39.Be8 f5 40.exf5 Nd5 41.g4 Nf4 42.h4 Nd3 43.c6 Kd8 44.Bd7 Nc5
45.Nd2 Bb8 46.Kg2 e4 47.fxe4 Ke7 48.Be6  1-0